[Event "11th WUCC Men"]
[Site "Zuerich SUI"]
[Date "2010.09.10"]
[Round "8"]
[White "Kurmann,O"]
[Black "Markos,J"]
[Result "1-0"]
[WhiteElo "2452"]
[BlackElo "2566"]
[EventDate "2010.09.05"]

1. e4 c5 2. Nf3 Nc6 3. Nc3 Nf6 4. Bb5 e5 5. Bxc6 dxc6 6. Nxe5 Nxe4 7. Nxe4
Qd4 8. O-O Qxe5 9. d4 cxd4 10. Re1 Be6 11. Bg5 Qd5 12. Bf6 d3 13. c4 Qa5
14. Bc3 Qd8 15. Re3 Qh4 16. Qxd3 Rd8 17. Qe2 Be7 18. Bxg7 Rg8 19. Rg3 Kd7
20. Be5 Kc8 21. Rxg8 Rxg8 22. Bg3 Qg4 23. Qe3 b6 24. c5 Kb7 25. Nd6+ Bxd6
26. cxd6 h5 27. h4 Re8 28. Re1 Qb4 29. Re2 Qb5 30. Kh2 c5 31. Qf3+ Ka6 32.
Re3 Qxb2 33. Ra3+ Kb5 34. Rxa7 Qd4 35. a4+ Kc4 36. Qc6 Rb8 37. Qc7 Rg8 38.
Qxb6 Kd3 39. Qb1+ Kc4 40. Rb7 Qd3 41. Qb5+ Kd4 42. Be5+ Ke4 43. f3+ Ke3 44.
Qxc5+ Kd2 45. Rb2+ Kd1 46. Qg1+ 1-0

[Event "11th WUCC Men"]
[Site "Zuerich SUI"]
[Date "2010.09.10"]
[Round "8"]
[White "Popovic,Du"]
[Black "Nestorovic,N"]
[Result "1/2-1/2"]
[WhiteElo "2565"]
[BlackElo "2420"]
[EventDate "2010.09.05"]

1. e4 e5 2. Nf3 Nc6 3. Bb5 Nf6 4. d3 Bc5 5. Bxc6 dxc6 6. O-O Nd7 7. b3 O-O
8. Bb2 Re8 9. Nbd2 f6 10. c3 Nf8 11. d4 exd4 12. cxd4 Bb6 13. Qc2 Bg4 14.
Rfe1 Qd7 15. Qc3 Ne6 16. Rad1 Bh5 17. h3 Rad8 18. Nc4 Qf7 19. Nxb6 1/2-1/2

[Event "11th WUCC Men"]
[Site "Zuerich SUI"]
[Date "2010.09.10"]
[Round "8"]
[White "Megaranto,S"]
[Black "Pitra,Andika"]
[Result "1-0"]
[WhiteElo "2516"]
[BlackElo "2283"]
[EventDate "2010.09.05"]

1. e4 d6 2. d4 Nf6 3. Nc3 g6 4. Bg5 Bg7 5. Qd2 h6 6. Bh4 g5 7. Bg3 Nh5 8.
Nge2 Nc6 9. O-O-O Nxg3 10. hxg3 e6 11. f4 g4 12. e5 dxe5 13. fxe5 f6 14.
Nf4 fxe5 15. Nh5 Qe7 16. d5 Nd4 17. Bd3 Nf5 18. dxe6 Bxe6 19. Bxf5 Bxf5 20.
Nd5 Qf7 21. Rhf1 Qxh5 22. Nxc7+ Kf7 23. Qd7+ Kg6 24. Rd6+ Bf6 25. Rxf6+ 1-0

[Event "11th WUCC Men"]
[Site "Zuerich SUI"]
[Date "2010.09.10"]
[Round "8"]
[White "Roganovic,Milo"]
[Black "Wyss,J"]
[Result "0-1"]
[WhiteElo "2497"]
[BlackElo "2270"]
[EventDate "2010.09.05"]

1. e4 e6 2. d4 d5 3. Nd2 Nf6 4. e5 Nfd7 5. Bd3 c5 6. c3 Nc6 7. Ne2 cxd4 8.
cxd4 f6 9. exf6 Nxf6 10. Nf3 Bd6 11. O-O O-O 12. Bf4 Nh5 13. Bxd6 Qxd6 14.
Bb5 Rxf3 15. gxf3 e5 16. Bxc6 bxc6 17. Re1 Ba6 18. dxe5 Qe6 19. Qd4 Bxe2
20. Rxe2 Rf8 21. Qg4 Rf5 22. Kh1 Nf4 23. Rg1 g6 24. Re3 h6 25. Ra3 g5 26.
Re1 h5 27. Qg3 c5 28. h4 d4 29. Re4 Ng6 30. hxg5 Qc4 31. f4 Qc2 32. Qb3+
Qxb3 33. Rxb3 Rxf4 34. Rxf4 Nxf4 35. Kg1 d3 36. e6 Kf8 37. Rb7 d2 38. Rd7
Ne2+ 39. Kh2 Nd4 40. g6 d1=Q 41. Rf7+ Ke8 42. g7 Qg4 43. Rf8+ Ke7 44. f3
Qxg7 0-1

[Event "11th WUCC Men"]
[Site "Zuerich SUI"]
[Date "2010.09.10"]
[Round "8"]
[White "Pruijssers,R"]
[Black "Mohajerin Esfahani,Peyman"]
[Result "1/2-1/2"]
[WhiteElo "2483"]
[BlackElo "2366"]
[EventDate "2010.09.05"]

1. e4 c5 2. Nf3 d6 3. d4 cxd4 4. Nxd4 Nf6 5. Nc3 Qb6 6. Nb3 e6 7. Be3 Qc7
8. Nb5 Qd8 9. e5 Nd5 10. exd6 a6 11. Qxd5 exd5 12. Nc7+ Kd7 13. Nxa8 Bxd6
14. Nb6+ Ke8 15. O-O-O Be6 16. Nxd5 Nd7 17. Be2 Qb8 18. Rhe1 Nf6 19. Nxf6+
gxf6 20. Bf3 h5 21. Nc5 Bf4 22. Bd5 b6 23. Bxe6 bxc5 24. Bb3 Kf8 25. Rd7
Kg7 26. Bxf7 Rd8 27. Rxd8 Bxe3+ 28. Rxe3 Qxd8 29. Bxh5 Qd5 30. Be2 Qxa2 31.
Ra3 Qe6 32. Kd2 Qd6+ 33. Ke1 Qxh2 34. Rg3+ Kf8 35. Bxa6 Qh4 36. b3 Qe4+ 37.
Kd1 Qd4+ 38. Ke2 Qe4+ 39. Kd1 Qd4+ 40. Ke2 Qe4+ 1/2-1/2

[Event "11th WUCC Men"]
[Site "Zuerich SUI"]
[Date "2010.09.10"]
[Round "8"]
[White "Purnama,T"]
[Black "Mekhitarian,K"]
[Result "1/2-1/2"]
[WhiteElo "2400"]
[BlackElo "2550"]
[EventDate "2010.09.05"]

1. Nf3 c5 2. c4 Nc6 3. d4 cxd4 4. Nxd4 Nf6 5. Nc3 e6 6. g3 Bc5 7. Nb3 Be7
8. Bg2 O-O 9. O-O b6 10. Bf4 Ba6 11. Nb5 d5 12. Nc7 Bxc4 13. Nxa8 Qxa8 14.
Rc1 Rd8 15. Nd4 Nxd4 16. Rxc4 Nc6 17. Rc1 Qb7 18. Qa4 Bc5 19. a3 Nd4 20.
Rfe1 b5 21. Qd1 Bb6 22. Be5 Nc6 23. Bxf6 gxf6 24. e4 Ne5 25. exd5 exd5 26.
Rc2 Qd7 27. Qh5 Kg7 28. Bh3 Qe7 29. Bf5 Nf3+ 30. Qxf3 Qxe1+ 31. Kg2 Re8 32.
Bd3 Qe6 33. Qh5 h6 34. Re2 Qd7 35. Bf5 Qd8 36. Rc2 d4 37. Bd3 Re5 38. Qg4+
Rg5 39. Qf3 Qd5 40. Be4 Qd7 41. Rc6 f5 42. Bd3 Rg6 43. Rc2 Rf6 44. Qa8 Rd6
45. Rc8 Bd8 46. Rc5 b4 47. axb4 Bb6 48. Rc8 Bd8 49. Rc5 Bb6 50. Rc2 Qe6 51.
Qf3 Qd5 52. Qxd5 Rxd5 53. Kf3 1/2-1/2

[Event "11th WUCC Men"]
[Site "Zuerich SUI"]
[Date "2010.09.10"]
[Round "8"]
[White "Kuipers,S"]
[Black "Swinkels,R"]
[Result "0-1"]
[WhiteElo "2370"]
[BlackElo "2478"]
[EventDate "2010.09.05"]

1. e4 c5 2. Nf3 d6 3. d4 cxd4 4. Nxd4 Nf6 5. Nc3 Nc6 6. Bg5 e6 7. Qd2 a6 8.
O-O-O Qb6 9. Nb3 Be7 10. Kb1 O-O 11. f3 Rd8 12. Be3 Qc7 13. Qf2 Nd7 14. g4
b5 15. g5 Nce5 16. h4 b4 17. Ne2 a5 18. Ned4 a4 19. Nb5 Qb8 20. N3d4 Bb7
21. h5 Nc5 22. Qh2 b3 23. g6 bxc2+ 24. Nxc2 Nxf3 25. Qf4 Bf6 26. gxf7+ Kxf7
0-1

[Event "11th WUCC Men"]
[Site "Zuerich SUI"]
[Date "2010.09.10"]
[Round "8"]
[White "Burg,T"]
[Black "Bueno,Alfe"]
[Result "1-0"]
[WhiteElo "2455"]
[BlackElo "2292"]
[EventDate "2010.09.05"]

1. e4 e6 2. d4 d5 3. Nd2 Nf6 4. e5 Nfd7 5. f4 c5 6. Ngf3 Nc6 7. Nb3 c4 8.
Nbd2 b5 9. Be2 Qa5 10. c3 b4 11. Qc2 Rb8 12. Nf1 bxc3 13. bxc3 Be7 14. Ne3
Nb6 15. Bd1 Bd7 16. O-O O-O 17. Ng5 Bxg5 18. fxg5 Ne7 19. a4 Rb7 20. Rf3
Rfb8 21. Ng4 Nf5 22. Qd2 Nc8 23. Nf6+ gxf6 24. gxf6 Kf8 25. Ba3+ Ke8 26.
Bc2 h5 27. Qg5 Kd8 28. h3 h4 29. Kh2 Qa6 30. Re1 Qa5 31. Bxf5 exf5 32. e6
Be8 33. Re5 Kc7 34. Qg8 Nd6 35. Qf8 Ne4 36. exf7 Bd7 37. Qe7 Rb1 38. Bb4
Qxa4 39. Rxd5 Rd8 40. Qxd8+ Kxd8 41. f8=Q+ Kc7 42. Qe7 1-0

[Event "11th WUCC Men"]
[Site "Zuerich SUI"]
[Date "2010.09.10"]
[Round "8"]
[White "Darini,P"]
[Black "Gaehler,M"]
[Result "0-1"]
[WhiteElo "2430"]
[BlackElo "2289"]
[EventDate "2010.09.05"]

1. e4 e6 2. d4 d5 3. Nc3 Bb4 4. Nge2 Nc6 5. a3 Ba5 6. b4 Bb6 7. Be3 Nf6 8.
b5 Ne7 9. e5 Ng4 10. Bg5 f6 11. exf6 gxf6 12. Bc1 Nf5 13. h3 Ngh6 14. g4
Nh4 15. Qd3 Nf7 16. f4 Nd6 17. Qg3 f5 18. g5 Ng6 19. h4 Bd7 20. a4 a6 21.
h5 Ne7 22. bxa6 Rxa6 23. Be3 Ba5 24. Bg2 Ne4 25. Bxe4 fxe4 26. f5 Nxf5 27.
Qe5 O-O 28. Bf4 Bb4 29. Rg1 Bd6 0-1

[Event "11th WUCC Men"]
[Site "Zuerich SUI"]
[Date "2010.09.10"]
[Round "8"]
[White "Poobalasingam,P"]
[Black "Panjwani,R"]
[Result "1-0"]
[WhiteElo "2330"]
[BlackElo "2429"]
[EventDate "2010.09.05"]

1. d4 d5 2. c4 c6 3. Nf3 Nf6 4. e3 e6 5. Nbd2 c5 6. cxd5 exd5 7. dxc5 Bxc5
8. Be2 O-O 9. O-O Re8 10. Nb3 Bd6 11. Nbd4 a6 12. b3 Nbd7 13. Nf5 Bb8 14.
Ba3 Ne5 15. Ng3 Neg4 16. Bb2 h5 17. Qd3 Bd7 18. Rad1 Bb5 19. Qd2 h4 20. Nf5
h3 21. g3 g6 22. N5h4 Bd7 23. Qc2 Qe7 24. Bd3 Rc8 25. Qe2 Bd6 26. Nd4 Re8
27. Nhf3 Ne4 28. Rde1 Rac8 29. Rc1 Rxc1 30. Bxc1 f5 31. Ne1 Be5 32. Bb2 Nc5
33. b4 Bxd4 34. Bxd4 Nxd3 35. Nxd3 Qe4 36. Nf4 Bb5 37. Qd1 Bxf1 38. Qxf1
Qc2 39. Nxh3 Qd2 40. Qb1 Rc8 41. Qb3 Rc4 42. Qa4 Rc6 43. Qa5 Qc1+ 44. Kg2
Rd6 45. Bc5 Rd7 46. Qb6 Kh7 47. Qe6 Rc7 48. Ng5+ Kh6 49. Nf7+ Kh7 50. h3
Nxf2 51. Qf6 Rc8 52. Qe7 Rxc5 53. Ng5+ Kh6 54. Qh7+ 1-0

[Event "11th WUCC Men"]
[Site "Zuerich SUI"]
[Date "2010.09.10"]
[Round "8"]
[White "Nadj Hedjesi,B"]
[Black "Munkhgal,G"]
[Result "0-1"]
[WhiteElo "2407"]
[BlackElo "2288"]
[EventDate "2010.09.05"]

1. e4 e6 2. d4 d5 3. Nd2 a6 4. Ngf3 c5 5. exd5 exd5 6. dxc5 Bxc5 7. Nb3 Bb6
8. Bd3 Nf6 9. O-O O-O 10. Bg5 h6 11. Bh4 Nc6 12. c3 g5 13. Bg3 Ne4 14. Nfd4
Qf6 15. Nxc6 Nxg3 16. Ne7+ Qxe7 17. hxg3 Bd7 18. Qf3 Rad8 19. Rad1 Kg7 20.
Nd4 Bxd4 21. cxd4 Qf6 22. Qxd5 Bc6 23. Qf5 Rfe8 24. Qxf6+ Kxf6 25. f4 g4
26. Bc2 Bd5 27. Rd2 Bc4 28. Rfd1 Re3 29. b3 Bd5 30. Kf2 Rde8 31. Bd3 Kg7
32. Rh1 Be4 33. Bxe4 R3xe4 34. Rh5 Rd8 35. d5 Kg6 36. Rh1 Re7 37. Rc1 Red7
38. Rcd1 Re8 39. a4 Rc8 40. Rd3 Kf6 41. Ke3 Rc5 42. Ke4 Rc2 43. R1d2 Rc5
44. Ke3 Kf5 45. Kf2 Rd6 46. b4 Rc4 47. Rd4 Rc7 48. a5 h5 49. Re2 Rcd7 50.
Red2 Rc7 51. Ke2 Rc3 52. Kf2 Rc7 53. R4d3 Rc4 54. Rb3 Ke4 55. Ke2 f6 56. b5
Rd4 57. Rxd4+ Kxd4 58. bxa6 bxa6 59. Rb8 Kxd5 60. Rh8 Ke4 61. Rxh5 f5 62.
Rh1 Rd3 63. Rb1 Rxg3 64. Rb4+ Kd5 65. Rb6 Rxg2+ 66. Ke3 Rg3+ 67. Ke2 Ra3
68. Rxa6 Ke4 69. Ra8 Ra2+ 70. Ke1 Kxf4 71. a6 Kf3 72. Ra7 f4 0-1

[Event "11th WUCC Men"]
[Site "Zuerich SUI"]
[Date "2010.09.10"]
[Round "8"]
[White "Erdene,G"]
[Black "Kukov,V"]
[Result "1-0"]
[WhiteElo "2323"]
[BlackElo "2395"]
[EventDate "2010.09.05"]

1. d4 Nf6 2. Nf3 e6 3. c4 Nc6 4. Bg5 Bb4+ 5. Nbd2 a6 6. Bxf6 Qxf6 7. a3
Bxd2+ 8. Qxd2 d6 9. e3 e5 10. d5 Nb8 11. Bd3 a5 12. O-O O-O 13. Qc3 Nd7 14.
Nd2 a4 15. Rae1 Re8 16. Bc2 b6 17. Ne4 Qe7 18. f4 Nc5 19. Ng3 Bd7 20. Bb1
e4 21. f5 Qe5 22. Qd2 b5 23. Rf4 bxc4 24. Nxe4 Nd3 25. Bxd3 cxd3 26. Qxd3
Bxf5 27. Nf6+ Qxf6 28. Qxf5 Qxf5 29. Rxf5 Rab8 30. Re2 Rb3 31. Kf2 Re4 32.
Kf3 Rc4 33. Rf4 Rxf4+ 34. Kxf4 Kf8 35. h3 Ke7 36. Rc2 Kd7 37. Ke4 g6 38.
Kd4 f5 39. Rf2 Rb8 40. Rc2 h5 41. h4 Rb3 42. g3 Rb8 43. Rf2 Re8 44. Kd3 Re5
45. Kd4 Re4+ 46. Kd3 c6 47. dxc6+ Kxc6 48. Rf4 Kc5 49. Rf2 Rg4 50. Rf3 Re4
51. Rf2 d5 52. Rf4 Kd6 53. Rf2 Rg4 54. Rf4 Rxg3 55. Rxa4 Ke5 56. Rb4 Rg4
57. Rb6 Rg3 58. Rb4 Rg4 59. Rd4 Rxd4+ 60. exd4+ Kd6 61. Ke3 Kc6 62. a4 Kb6
63. b4 Ka6 64. Kf4 Kb6 65. Ke5 Ka6 66. Kxd5 g5 67. hxg5 h4 68. g6 h3 69. g7
h2 70. g8=Q h1=Q+ 71. Kc5 f4 72. b5+ Ka5 73. b6 Qe4 74. Qf7 Qc2+ 75. Qc4
Qf5+ 76. Qd5 Qc2+ 77. Kd6+ Kxb6 78. Qb5+ Ka7 79. Qa5+ Kb7 80. Qd5+ Ka7 81.
Qf7+ Kb6 82. a5+ Kxa5 83. Qxf4 Kb6 84. Qf6 Qc7+ 85. Kd5+ Kb5 86. Ke4 Qc2+
87. Ke5 Qh2+ 88. Ke6 Kc4 89. d5 Qe2+ 90. Kd6 Qh2+ 91. Kc6 Qb8 92. Qf1+ Kd4
93. Qf2+ Ke4 94. Qc2+ Kf4 95. Qc5 Ke4 96. Qe7+ Kd4 97. d6 Qa8+ 98. Qb7 1-0

[Event "11th WUCC Men"]
[Site "Zuerich SUI"]
[Date "2010.09.10"]
[Round "8"]
[White "Carron,J"]
[Black "Hindermann,F"]
[Result "1/2-1/2"]
[WhiteElo "2394"]
[BlackElo "2303"]
[EventDate "2010.09.05"]

1. d4 Nf6 2. c4 g6 3. g3 c6 4. Nf3 Bg7 5. Bg2 d5 6. b3 O-O 7. O-O a5 8. Bb2
Bf5 9. Nc3 Ne4 10. Nh4 Nxc3 11. Bxc3 Be6 12. Qd3 Qd7 13. Rfd1 b5 14. cxb5
cxb5 15. a4 b4 16. Bb2 Qb7 17. Rac1 Nd7 18. Rc2 Bf6 19. Rdc1 Rac8 20. Qe3
Kg7 1/2-1/2

[Event "11th WUCC Men"]
[Site "Zuerich SUI"]
[Date "2010.09.10"]
[Round "8"]
[White "Surya,W"]
[Black "Hoffmann,Pau"]
[Result "1/2-1/2"]
[WhiteElo "2233"]
[BlackElo "2372"]
[EventDate "2010.09.05"]

1. d4 e6 2. c4 Nf6 3. Nf3 Bb4+ 4. Nbd2 O-O 5. a3 Bxd2+ 6. Bxd2 Ne4 7. e3 b6
8. Bd3 Bb7 9. O-O d6 10. Qc2 f5 11. Rfc1 Nd7 12. Be1 c5 13. b4 Ng5 14. Nxg5
Qxg5 15. f4 Qh6 16. Bg3 Qf6 17. Qc3 Qe7 18. a4 e5 19. bxc5 bxc5 20. dxe5
dxe5 21. fxe5 Rae8 22. Rf1 Qg5 23. Rf2 h5 24. Be2 g6 25. Rd1 Qe7 26. Rd6
Kh7 27. Qb3 Bc8 28. Qd1 Qf7 29. Qd5 Qxd5 30. Rxd5 Rf7 31. e4 Bb7 32. Rxd7
Rxd7 33. exf5 Be4 34. e6 Rdd8 35. e7 Rxe7 36. Bh4 Ree8 37. Bxd8 Rxd8 38.
fxg6+ Kxg6 39. Rf4 Bc6 40. Bf3 Bxf3 41. Rxf3 Rd4 42. Rg3+ Kf6 43. Rf3+
1/2-1/2

[Event "11th WUCC Men"]
[Site "Zuerich SUI"]
[Date "2010.09.10"]
[Round "8"]
[White "Botvinnik,M ISR"]
[Black "Viela,A"]
[Result "1/2-1/2"]
[WhiteElo "2337"]
[BlackElo "2224"]
[EventDate "2010.09.05"]

1. Nf3 Nf6 2. c4 c6 3. d4 d6 4. g3 Nbd7 5. Bg2 e5 6. O-O Be7 7. Nc3 O-O 8.
e4 a6 9. d5 cxd5 10. cxd5 Nc5 11. Ne1 b5 12. b4 Ncd7 13. a4 bxa4 14. Qxa4
Nb6 15. Qb3 Bd7 16. Nc2 Qc7 17. Na3 Rfc8 18. Bd2 Nc4 19. Nxc4 Qxc4 20. Qxc4
Rxc4 21. b5 a5 22. Rfb1 Rb8 23. Rxa5 Bd8 24. Ra3 Bb6 25. Bf1 Rcc8 26. Kg2
Bd4 27. f3 Ne8 28. Rab3 f5 29. Bd3 Nf6 30. exf5 Kf8 31. Ne4 Nxd5 32. Nxd6
Rc5 33. Ne4 Rcc8 34. g4 Rb6 35. Ng5 h6 36. Ne6+ Bxe6 37. fxe6 Ke7 38. Be4
Nf4+ 39. Bxf4 exf4 40. Rd1 Rd6 41. h4 Rb8 42. Bf5 Bf6 43. Rxd6 Kxd6 44. b6
Bxh4 45. b7 Ke7 46. Kf1 Bf6 47. Ke2 Be5 48. Rb5 Bd6 49. Kd3 Rd8 50. Ke4 Rg8
51. Kd5 g6 52. Be4 h5 53. gxh5 gxh5 54. Kc6 Rh8 55. Rg5 Bb8 56. Bd5 Kf6 57.
Rg2 h4 58. Re2 Ke7 59. Bc4 h3 60. Rh2 Ba7 61. Bf1 Rh5 62. Rc2 h2 63. Bg2
h1=Q 64. Bxh1 Rxh1 65. Kd5 Rd1+ 66. Ke4 Rb1 67. Kxf4 Kxe6 68. Re2+ Kf6 69.
Ra2 Rb4+ 70. Kg3 Bb8+ 71. Kg2 Rxb7 72. f4 Kf5 73. Kf3 Rb3+ 74. Ke2 Bxf4 75.
Ra8 Re3+ 76. Kf2 Rh3 77. Kg2 Rd3 78. Kf2 Be5 79. Ra4 Bd4+ 80. Ke2 Ke4 81.
Ra8 Rh3 82. Re8+ Be5 83. Rf8 Ra3 84. Rd8 Re3+ 85. Kd2 Rh3 86. Kc2 Rc3+ 87.
Kd2 Rb3 88. Ke2 Rb7 89. Rd2 Bd4 90. Rd3 Rf7 91. Rd2 Be3 92. Rd8 Rf2+ 93.
Ke1 Ra2 94. Rd7 Kf3 95. Rf7+ Bf4 96. Rd7 Ra1+ 97. Rd1 Ra2 98. Rd7 Rc2 99.
Rd8 Bh6 100. Rd7 Bg5 101. Rd6 Rc7 102. Rd5 Bf4 103. Rd8 Rh7 104. Kd1 Rc7
105. Ke1 Rc2 106. Rd7 Rc8 107. Rd5 Rh8 108. Kd1 Rh2 109. Rd7 Ra2 110. Ke1
Ra4 111. Rd8 Ra5 112. Rd7 Rc5 113. Rd8 Ke3 114. Re8+ Be5 115. Kd1 Kd3 116.
Rd8+ Bd4 117. Rd7 Re5 118. Rd8 Ra5 119. Rc8 Bf6 120. Rc7 Ra1+ 121. Rc1 Ra7
122. Rc6 Be5 123. Rc8 Ra6 124. Rd8+ Bd4 125. Rc8 1/2-1/2

[Event "11th WUCC Men"]
[Site "Zuerich SUI"]
[Date "2010.09.10"]
[Round "8"]
[White "Pacher,M"]
[Black "Costa,JoaoG"]
[Result "0-1"]
[WhiteElo "2449"]
[BlackElo "2186"]
[EventDate "2010.09.05"]

1. e4 c5 2. Nf3 e6 3. d4 cxd4 4. Nxd4 a6 5. Bd3 Nf6 6. O-O Qc7 7. Qe2 d6 8.
c4 b6 9. Nc3 g6 10. e5 dxe5 11. Qf3 Be7 12. Qxa8 exd4 13. Na4 Bd7 14. Qf3
Bxa4 15. Bh6 Bc6 16. Qh3 Nbd7 17. Rad1 Nh5 18. f4 Bf8 19. Bxf8 Nxf8 20. Qh4
Nd7 21. f5 O-O 22. fxe6 fxe6 23. Qxd4 Nf4 24. Rd2 Qe5 25. Qxe5 Nxe5 26. Be2
Nxc4 27. Rc2 Bxg2 0-1

[Event "11th WUCC Men"]
[Site "Zuerich SUI"]
[Date "2010.09.10"]
[Round "8"]
[White "Ma Yu"]
[Black "Akkozov,B"]
[Result "0-1"]
[WhiteElo "2332"]
[BlackElo "2283"]
[EventDate "2010.09.05"]

1. d4 d5 2. c4 c6 3. Nf3 a6 4. a4 Nf6 5. e3 e6 6. Bd3 a5 7. O-O Na6 8. Re1
Nb4 9. Bf1 Be7 10. Nbd2 O-O 11. b3 b6 12. Bb2 Bb7 13. Rc1 Ne4 14. Nxe4 dxe4
15. Nd2 c5 16. dxc5 bxc5 17. Qg4 g6 18. Red1 f5 19. Qf4 Qb8 20. Be5 Qe8 21.
Nb1 Nc6 22. Bc7 Rf7 23. Nc3 Bf8 24. Nb5 Rd7 25. Be2 e5 26. Qg3 Rc8 27. Nd6
Qe7 28. Nxc8 Rxd1+ 29. Rxd1 Qxc7 30. h4 Bxc8 31. h5 Qf7 32. hxg6 hxg6 33.
Qh4 Be7 34. Qh6 Qh7 35. Qxh7+ Kxh7 36. g3 Be6 37. Kg2 Kg7 38. Rh1 Bg5 39.
Rd1 f4 40. gxf4 exf4 41. Rd6 f3+ 42. Bxf3 exf3+ 43. Kxf3 Bc8 44. Ke2 Nb4
45. Rb6 Be7 46. Rb5 Nc6 47. Rb6 Bd7 48. Rb7 Be8 49. f4 Kf7 50. Kf2 Ke6 51.
Ke2 Bd7 52. Kd3 Nb4+ 53. Kd2 Nc6 54. Kd3 Kd6 55. e4 Nd4 56. Rb6+ Bc6 57.
Rb8 g5 58. fxg5 Bxg5 59. Rg8 Ne6 0-1

[Event "11th WUCC Men"]
[Site "Zuerich SUI"]
[Date "2010.09.10"]
[Round "8"]
[White "Kalugampitiya,R"]
[Black "Soozankar,Amohammad"]
[Result "1/2-1/2"]
[WhiteElo "2095"]
[BlackElo "2299"]
[EventDate "2010.09.05"]

1. e4 c5 2. Nf3 d6 3. d4 cxd4 4. Nxd4 Nf6 5. Nc3 g6 6. Be3 Bg7 7. f3 Nc6 8.
Qd2 O-O 9. Bc4 Bd7 10. O-O-O Ne5 11. Bb3 Qa5 12. Kb1 Rfc8 13. g4 Nc4 14.
Bxc4 Rxc4 15. h4 Rac8 16. Nd5 Qxd2 17. Nxf6+ Bxf6 18. Rxd2 a5 19. h5 b5 20.
g5 Bg7 21. hxg6 hxg6 22. Ne2 Rf8 23. Nf4 Be6 24. c3 b4 25. Bd4 bxc3 26.
bxc3 Rb8+ 27. Ka1 Rxc3 28. Bxg7 Kxg7 29. Rdh2 Rg8 30. Rh7+ Kf8 31. Rb1 Bc8
32. Nd5 Rc5 33. Rb8 Ke8 34. Nb6 Kd8 35. Rxf7 Kc7 36. Rxc8+ Rxc8 37. Nxc8
Kxc8 1/2-1/2

[Event "11th WUCC Men"]
[Site "Zuerich SUI"]
[Date "2010.09.10"]
[Round "8"]
[White "Otte,Mari"]
[Black "Meier,P SEY"]
[Result "1-0"]
[WhiteElo "2264"]
[BlackElo "2047"]
[EventDate "2010.09.05"]

1. e4 c5 2. Nf3 g6 3. d4 cxd4 4. Nxd4 Bg7 5. Nc3 Nc6 6. Nxc6 bxc6 7. Bc4 e6
8. O-O Ne7 9. Qd6 Bb7 10. Bg5 Nc8 11. Qf4 f6 12. Bh6 Bxh6 13. Qxh6 Qe7 14.
Rad1 Nb6 15. Bb3 Ba6 16. Rfe1 e5 17. a4 Nc4 18. Bxc4 Bxc4 19. f4 Rb8 20. b3
Qc5+ 21. Kh1 Bf7 22. Rd3 Qf8 23. Qh3 Be6 24. f5 gxf5 25. exf5 Bg8 26. Qe3
Rb7 27. Ne4 d5 28. Nc5 Re7 29. c4 h5 30. cxd5 Bxd5 31. Ne4 Qh6 32. Qc5 Qg7
33. Rxd5 cxd5 34. Qc8+ 1-0

[Event "11th WUCC Men"]
[Site "Zuerich SUI"]
[Date "2010.09.10"]
[Round "8"]
[White "Herath,H"]
[Black "Fernando,SK Akila"]
[Result "1/2-1/2"]
[WhiteElo "1884"]
[BlackElo "2053"]
[EventDate "2010.09.05"]

1. d4 d5 2. c4 e6 3. Nf3 Nf6 4. g3 c6 5. Bg2 Ne4 6. O-O Bd6 7. b3 Nd7 8.
Ba3 Bxa3 9. Nxa3 O-O 10. Qd3 f5 1/2-1/2

[Event "11th WUCC Men"]
[Site "Zuerich SUI"]
[Date "2010.09.11"]
[Round "9"]
[White "Benidze,D"]
[Black "Lysyj,I"]
[Result "1/2-1/2"]
[WhiteElo "2504"]
[BlackElo "2638"]
[EventDate "2010.09.05"]

1. d4 e6 2. Nf3 Nf6 3. c4 b6 4. g3 Bb7 5. Bg2 Be7 6. O-O O-O 7. Nc3 Ne4 8.
Qc2 Nxc3 9. Qxc3 a5 10. Qd3 f5 11. Ne1 Nc6 12. Nc2 Nb4 13. Qb3 Bxg2 14.
Kxg2 c5 15. Nxb4 axb4 16. Rd1 Qc8 17. d5 Qb7 18. f3 Bf6 19. dxe6 dxe6 20.
Be3 Qc6 21. Rab1 Rfd8 22. Rxd8+ Bxd8 23. Rd1 Bf6 24. Kf2 Kf7 25. Rd2 Ra7
1/2-1/2

[Event "11th WUCC Men"]
[Site "Zuerich SUI"]
[Date "2010.09.11"]
[Round "9"]
[White "Nikolov,Mo"]
[Black "Papin,V"]
[Result "0-1"]
[WhiteElo "2549"]
[BlackElo "2534"]
[EventDate "2010.09.05"]

1. d4 Nf6 2. c4 e6 3. Nc3 Bb4 4. Qc2 c5 5. dxc5 Qc7 6. Nf3 Na6 7. a3 Bxc3+
8. Qxc3 Nxc5 9. Nd4 a6 10. b4 Nce4 11. Qc2 e5 12. Nf5 d5 13. Nxg7+ Kf8 14.
Bh6 Kg8 15. h3 Nxf2 16. Qc1 N2e4 17. c5 b6 18. g4 bxc5 19. Bg2 Qb6 20. O-O
cxb4+ 21. Kh2 Bd7 22. Rxf6 Qxf6 23. Bxe4 dxe4 24. Qe3 Rc8 25. Nh5 Qg6 26.
axb4 f5 27. gxf5 Qxf5 28. Qg3+ Kf7 29. Qg7+ Ke6 30. Rxa6+ Bc6 31. Qg4 Qxg4
32. hxg4 Kd5 33. Bg7 Rhd8 34. Bf6 Ra8 35. Rxa8 Rxa8 36. e3 Ke6 37. Bg5 Rg8
38. Bh6 Rxg4 39. Kh3 Rg6 40. Bf8 Kf7 41. Bc5 Bd7+ 42. Kh4 Rg2 43. b5 Kg6
44. b6 Rg4+ 45. Kh3 Kxh5 46. b7 Rg8+ 0-1

[Event "11th WUCC Men"]
[Site "Zuerich SUI"]
[Date "2010.09.11"]
[Round "9"]
[White "Khmelniker,I"]
[Black "Gundavaa,B"]
[Result "0-1"]
[WhiteElo "2483"]
[BlackElo "2460"]
[EventDate "2010.09.05"]

1. d4 Nf6 2. c4 e6 3. Nf3 d5 4. Nc3 Bb4 5. cxd5 exd5 6. Bg5 Nbd7 7. Qc2 c5
8. a3 Bxc3+ 9. Qxc3 c4 10. Nd2 O-O 11. a4 Re8 12. e3 h6 13. Bxf6 Nxf6 14.
Be2 Bf5 15. O-O Ne4 16. Nxe4 Bxe4 17. Rfe1 Qg5 18. f3 Bf5 19. Bf1 Re7 20.
b3 cxb3 21. Qxb3 Rc8 22. Ra2 Bg6 23. a5 Rec7 24. Raa1 h5 25. e4 dxe4 26.
fxe4 Rc2 27. Qe3 Qg4 28. h3 Qh4 29. Ra3 Rb2 30. Qg3 Qd8 31. d5 h4 32. Qf4
Rb4 33. Bd3 Qe7 34. Raa1 Rd4 35. Rad1 Qb4 36. Qf2 Qc3 37. Bb1 Rxd1 38. Rxd1
Qxa5 39. Qxh4 Qc5+ 40. Qf2 Kf8 41. e5 Bxb1 42. Rxb1 b6 43. Rd1 a5 44. Rd4
Rd8 45. Kh1 Rxd5 46. e6 f6 0-1

[Event "11th WUCC Men"]
[Site "Zuerich SUI"]
[Date "2010.09.11"]
[Round "9"]
[White "Wyss,J"]
[Black "Ismagambetov,An"]
[Result "0-1"]
[WhiteElo "2270"]
[BlackElo "2492"]
[EventDate "2010.09.05"]

1. d4 Nf6 2. c4 e6 3. g3 d5 4. Nf3 dxc4 5. Bg2 a6 6. O-O Nc6 7. Nbd2 Nxd4
8. Nxc4 Bc5 9. Bf4 Nxf3+ 10. Bxf3 Nd5 11. Be5 f6 12. e4 fxe5 13. exd5 O-O
14. Nxe5 Qf6 15. Nd3 Qxf3 16. Qxf3 Rxf3 17. Nxc5 exd5 18. Rfe1 b6 19. Ne6
Bxe6 20. Rxe6 Rf6 21. Re7 Rf7 22. Re6 Rd8 23. Rc1 Kf8 24. Kf1 Rdd7 25. Ke2
Rfe7 26. Rxe7 Kxe7 27. Rc6 Kd8 28. f4 Re7+ 29. Kd2 Kd7 30. Rc1 Kd6 31. Rf1
Re4 32. Kd3 c5 33. a3 b5 34. Kd2 c4 35. Rf3 d4 36. Kd1 Kd5 37. Kd2 a5 38.
Rf1 d3 39. Rf2 Kd4 40. f5 b4 41. axb4 axb4 42. f6 gxf6 0-1

[Event "11th WUCC Men"]
[Site "Zuerich SUI"]
[Date "2010.09.11"]
[Round "9"]
[White "Jumabayev,R"]
[Black "Megaranto,S"]
[Result "1-0"]
[WhiteElo "2547"]
[BlackElo "2516"]
[EventDate "2010.09.05"]

1. d4 Nf6 2. c4 e6 3. Nf3 Bb4+ 4. Bd2 a5 5. g3 b6 6. Bg2 Bb7 7. O-O O-O 8.
Bf4 d5 9. c5 a4 10. a3 Ba5 11. Qxa4 Bd2 12. Qc2 Bxf4 13. gxf4 bxc5 14. Qxc5
Nbd7 15. Qc2 Ne4 16. b4 Ba6 17. Rc1 Qf6 18. e3 c5 19. Ne5 cxd4 20. Nxd7 Qh4
21. exd4 Qxf4 22. Nc3 Rfd8 23. Nxe4 1-0

[Event "11th WUCC Men"]
[Site "Zuerich SUI"]
[Date "2010.09.11"]
[Round "9"]
[White "Miljkovic,Mir1"]
[Black "Kurmann,O"]
[Result "1-0"]
[WhiteElo "2510"]
[BlackElo "2452"]
[EventDate "2010.09.05"]

1. d4 Nf6 2. c4 e6 3. Nc3 d5 4. Bg5 c6 5. e3 Nbd7 6. Nf3 Qa5 7. Nd2 Bb4 8.
Qc2 O-O 9. Bxf6 Nxf6 10. Bd3 c5 11. O-O cxd4 12. Nb3 Qb6 13. c5 Qd8 14.
exd4 b6 15. a3 bxc5 16. dxc5 Bxc3 17. Qxc3 a5 18. a4 Qc7 19. Nd4 e5 20. Nb5
Qb8 21. Rfe1 e4 22. Bf1 Ng4 23. Nd6 f5 24. Bb5 Qc7 25. Red1 Nf6 26. Rac1
Bd7 27. Qg3 Ra7 28. Bxd7 1-0

[Event "11th WUCC Men"]
[Site "Zuerich SUI"]
[Date "2010.09.11"]
[Round "9"]
[White "Gaehler,M"]
[Black "Popovic,Du"]
[Result "0-1"]
[WhiteElo "2289"]
[BlackElo "2565"]
[EventDate "2010.09.05"]

1. e4 e5 2. Nf3 d6 3. Bc4 Nf6 4. d3 Be7 5. Nc3 O-O 6. h3 Nc6 7. Be3 Na5 8.
Bb3 Nxb3 9. axb3 b6 10. Ne2 Re8 11. c4 c6 12. O-O h6 13. b4 Bf8 14. Ng3 d5
15. Qb3 Bb7 16. c5 b5 17. Qc2 g6 18. Nh2 Bg7 19. Ng4 Nxg4 20. hxg4 Qh4 21.
exd5 cxd5 22. c6 Rac8 23. Rfc1 Bxc6 24. Qxc6 Rxc6 25. Rxc6 Qxg4 26. Bc5 e4
27. dxe4 dxe4 28. Nf1 Rd8 29. Ne3 Qe2 30. g3 Rd7 31. Bxa7 Qxb2 32. Raa6
Qxb4 33. Rc8+ Kh7 34. Bc5 Qe1+ 35. Kg2 Rd2 36. Ng4 Rd1 0-1